Úvod do štúdia jazykov /

Gespeichert in:
Bibliographische Detailangaben
Hauptverfasser: Ondruš, Š (Verfasst von), Sabol, Juraj (Verfasst von)
Format: Buch
Sprache:Slowakisch
Veröffentlicht: Bratislava : Slovenské pedagogické nakladateľstvo, 1981
Tags: Tag hinzufügen
Keine Tags, Fügen Sie das erste Tag hinzu!

MARC

LEADER 00000nam a22000003a 4500
001 stu237
005 20150617225622.0
008 910430s1981----cs------------------slo-d
040 |a STU  |b slo 
041 0 |a slo 
044 |a cs 
080 |a 801 
100 1 |a Ondruš, Š  |4 aut 
245 1 |a Úvod do štúdia jazykov /  |c [aut.] Ondruš,ř.; Sabol,J 
260 |a Bratislava :  |b Slovenské pedagogické nakladateľstvo,  |c 1981 
300 |a 313 s 
700 1 |a Sabol, Juraj  |4 aut 
996 |b E74366  |c E*74366  |l EE18  |s P  |a 0  |w stu237_0001